Física : programa integración entre nivel medio y universidad /

Guardado en:
Autor Principal: Universidad Nacional De Rosario
Otros Autores: Bollini, Adriana -fernandez, Asenjo Carlos
Formato: Libro
Publicado: Rosario : U. N. R., 1992
Materias:
Etiquetas: Agregar Etiqueta
Sin Etiquetas, Sea el primero en etiquetar este registro!
LEADER 00603nam a22001935a 4500
001 CEM.cems007292
005 20060214000000.0
008 130507s1992##################000#0#####d
003 CEMS
082 0 4 |a 372.853 
100 1 |a Universidad Nacional De Rosario 
245 1 0 |a Física :  |b programa integración entre nivel medio y universidad / 
260 |a Rosario :  |b U. N. R.,  |c 1992 
300 |a 59 p. 
653 |a Física 
653 |a Física-programas 
653 |a Programas de estudio 
700 1 |a Bollini, Adriana -fernandez, Asenjo Carlos 
859 |a CEMS  |b BIB. CEMS - 11 de abril  |h 372.853  |i R712  |p 17135.93  |t Ej.1